陸上国境が1つだけの国 - Statistics

General Stats
  • This quiz has been taken 125 times
  • The average score is 13 of 17
Answer Stats
国名 接する相手国 % Correct
大韓民国 朝鮮民主主義人民共和国(北朝鮮)
95%
バチカン市国 イタリア
90%
カナダ アメリカ合衆国
89%
ポルトガル スペイン
84%
サンマリノ イタリア
84%
レソト 南アフリカ
83%
アイルランド イギリス
80%
イギリス アイルランド
78%
デンマーク ドイツ
72%
モナコ フランス
69%
ハイチ ドミニカ共和国
69%
ドミニカ共和国 ハイチ
68%
ブルネイ マレーシア
67%
東ティモール インドネシア
66%
パプアニューギニア インドネシア
63%
カタール サウジアラビア
54%
ガンビア セネガル
44%
No matching quizzes found
Score Distribution
Percent of People with Each Score
Percentile by Number Answered
Your Score History
You have not taken this quiz